Techno-economic survey of Rajasthan. (Record no. 54616)

MARC details
000 -LEADER
fixed length control field 00597cam a22002051 4500
001 - CONTROL NUMBER
control field sa 63002707
003 - CONTROL NUMBER IDENTIFIER
control field DLC
005 - DATE AND TIME OF LATEST TRANSACTION
control field 20260227111935.0
008 - FIXED-LENGTH DATA ELEMENTS--GENERAL INFORMATION
fixed length control field 740408s1963 xx 000 0 eng
010 ## - LIBRARY OF CONGRESS CONTROL NUMBER
LC control number sa 63002707
035 ## - SYSTEM CONTROL NUMBER
System control number (OCoLC)851766
040 ## - CATALOGING SOURCE
Original cataloging agency DLC
Transcribing agency OU
Modifying agency DLC
042 ## - AUTHENTICATION CODE
Authentication code premarc
050 00 - LIBRARY OF CONGRESS CALL NUMBER
Classification number HC337.R3
Item number N3
110 2# - MAIN ENTRY--CORPORATE NAME
Corporate name or jurisdiction name as entry element National Council of Applied Economic Research.
245 10 - TITLE STATEMENT
Title Techno-economic survey of Rajasthan.
260 ## - PUBLICATION, DISTRIBUTION, ETC.
Place of publication, distribution, etc. New Delhi,
Date of publication, distribution, etc. [1963]
300 ## - PHYSICAL DESCRIPTION
Extent xvi, 316 p.
Other physical details illus., maps (part fold.), tables
Dimensions 25 cm.
651 #0 - SUBJECT ADDED ENTRY--GEOGRAPHIC NAME
Geographic name Rajasthan (India)
General subdivision Economic conditions.

No items available.

Powered by Koha